Most Common Word by Last Letter Quiz Stats

 Plays Quiz Updated Dec 31, 2012

Challenge
Share
Tweet
Embed
Score 0/22 Timer 06:00
2 Plays Today
Letter Word % Correct
AA
96.6%
II
88%
EThe
85.6%
OTo
66.1%
NIn
62.6%
FOf
61.7%
DAnd
59.6%
UYou
56.5%
SAs
56%
RFor
44.2%
PUp
41%
Letter Word % Correct
TThat
41%
YBy
36.1%
LWill
33.9%
HWith
25.9%
MFrom
23.6%
WKnow
16.8%
XSix
15.9%
KLook
10.1%
GLong
3.5%
BVerb
3.3%
CMusic
3.1%

You're not logged in!

Compare scores with friends on all Sporcle quizzes.
OR
Log In

You Might Also Like...

Show Comments

Extras

Top Quizzes Today


Score Distribution

Your Account Isn't Verified!

In order to create a playlist on Sporcle, you need to verify the email address you used during registration. Go to your Sporcle Settings to finish the process.

Report this User

Report this user for behavior that violates our Community Guidelines.

Details: